00520nam a2200181 a 45000010010000000030011000100080041000210350026000620820014000881000017001022450017001192600053001366500011001899420012002009520091002129980020003039990015003230000-8582ELIB.Books110520 1997  a(ELIB.Books)0000-8728 aB.Th bMu aMu Thaw, Naw aThe Way Home bInsein: Karen Baptist Theolgical Seminary c1997 aThesis 2ddccBK 00102ddc4070aKBTSbKBTSd2011-05-20l0p30012r2022-01-22 00:00:00w2022-01-22yBK cbate2011-05-20 c8582d8582